00289nam a2200121Ia 4500008004100000041000900041082001500050100002300065245002000088260004300108300000800151650000800159230718s9999 xx 000 0 und d aEng. a346bSMI-L aSmith , Stephen A. 0aLaw of Contract aPakistanbOxfor university pressc2005 a441 aLaw